000 00628nam a2200229Ia 4500
003 OSt
005 20220923225554.0
006 a|||||r|||| 00| 0
007 ta
008 Pun
024 _a271,683
037 _cTextual
040 _aARTS
_cARTS
_bPun
041 _2Pun
_aPun
082 _aO153:g, K7
245 0 _aਆਲੋਚਨਾ ਦੀਆਂ ਪ੍ਰਣਾਲੀਆਂ
260 _aਪਟਿਆਲਾ
_b ਪੰਜਾਬੀ ਯੂਨੀਵਰਸਿਟੀ
_c1967
300 _a52ਪੰ
_ccm.
650 _aਪੰਜਾਬੀ ਸਾਹਿਤ
942 _hO153:g, K7
_cTEXL
_2CC
999 _c379184
_d379184